000 00879nam a22002417a 4500
999 _c18798
_d18798
003 AR-CdUCM
008 190515b ||||| |||| 00| 0 spa d
020 _a968-409-245-8
040 _aMUNICIPALIDAD PROVINCIAL DEL CUSCO
_cBIBLIOTECA MUNICIPAL DEL CUSCO
082 _a947.004 /
_bSC29
100 _aSchapiro, Leonardo
_939606
245 _aEl trabajador soviético :
_bilusiones y realidades /
260 _aMéxico :
_bEDAMEX,
_c1984.
300 _a307 paginas ;
_c20 cm.
500 _aTitulo original : The soviet worker
505 _aContenido : Termina una ilusión -- Políticas de salarios e ingresos -- La planeacion y e trabajador -- Testigo ocular del fracaso...
650 _aSalarios
_939607
650 _aRusia
_9499
650 _aDesigualdades
_939608
700 _aBarcena, Agustin (Traducción)
_935507
942 _2ddc
_cLIBROS
945 _awnts
_d2019-05-15